All D1 Basketball Schools + Conferences (2025-26) - Statistics

General Stats
  • This quiz has been taken 89 times
    74 since last reset
  • The average score is 186 of 396
Answers on the Map
Answers color-coded by a green-red scale on the quiz's map according to % correct below.
 
Answer Stats
School % Correct
Idaho
81%
Maine
81%
Miami
81%
Montana
81%
Oregon
81%
Washington
81%
Alabama
75%
Arizona
75%
Colorado
75%
Duke
75%
Florida
75%
Florida State
75%
Gonzaga
75%
Harvard
75%
Hawaii
75%
Kansas
75%
Montana State
75%
New Hampshire
75%
North Carolina
75%
Ohio
75%
Oregon State
75%
South Carolina
75%
Utah
75%
Vermont
75%
Virginia
75%
Arizona State
69%
Boise State
69%
Boston College
69%
Brown
69%
BYU
69%
Georgia
69%
Idaho State
69%
Indiana
69%
Iowa
69%
Iowa State
69%
Kansas State
69%
Louisville
69%
Miami OH
69%
Michigan
69%
Michigan State
69%
Missouri
69%
NC State
69%
Nebraska
69%
North Dakota
69%
North Dakota State
69%
Northeast
69%
Ohio State
69%
South Dakota
69%
St Johns
69%
Tennessee
69%
Texas
69%
USF
69%
Utah State
69%
VCU
69%
Virginia Tech
69%
Washington State
69%
Wisconsin
69%
Wyoming
69%
Yale
69%
Akron
63%
Auburn
63%
Cal
63%
Cincinnati
63%
Clemson
63%
Colorado State
63%
Creighton
63%
DePaul
63%
FAU
63%
Florida Gulf Coast
63%
George Mason
63%
Georgetown
63%
George Washington
63%
Georgia Tech
63%
Grand Canyon
63%
High Point
63%
Illinois
63%
Kentucky
63%
Loyola Chicago
63%
Minnesota
63%
Nevada
63%
New Mexico
63%
New Mexico State
63%
Oklahoma
63%
Oklahoma State
63%
Penn
63%
Penn State
63%
Portland
63%
Portland State
63%
Purdue
63%
Seton Hall
63%
Southern
63%
Syracuse
63%
TCU
63%
Texas Tech
63%
Tulsa
63%
UAB
63%
UCF
63%
UConn
63%
UMass
63%
UNC Wilmington
63%
UNLV
63%
Wake Forest
63%
West Virginia
63%
Wichita State
63%
Xavier
63%
Alabama State
56%
Albany
56%
American
56%
Arkansas
56%
Buffalo
56%
Charleston
56%
Columbia
56%
Cornell
56%
Dayton
56%
Delaware
56%
Georgia Southern
56%
Houston
56%
Jacksonville
56%
Liberty
56%
Louisiana
56%
LSU
56%
Maryland
56%
Memphis
56%
North Texas
56%
Northwestern
56%
Notre Dame
56%
Pitt
56%
Providence
56%
Rhode Island
56%
Rutgers
56%
SMU
56%
South Alabama
56%
South Carolina State
56%
South Dakota State
56%
St Louis
56%
UCLA
56%
USC
56%
ACC
50%
Air Force
50%
Army
50%
ASUN
50%
Austin Peay
50%
Big 12
50%
Big East
50%
Big Ten
50%
Boston University
50%
Bryant
50%
Central Michigan
50%
Charlotte
50%
Coastal Carolina
50%
Dartmouth
50%
Detroit Mercy
50%
Eastern Kentucky
50%
Eastern Michigan
50%
Eastern Washington
50%
ECU
50%
Elon
50%
FIU
50%
Green Bay
50%
Hofstra
50%
Marquette
50%
Marshall
50%
McNeese
50%
Navy
50%
NJIT
50%
Northern Arizona
50%
Northern Colorado
50%
Northern Kentucky
50%
Princeton
50%
Queens
50%
Radford
50%
Richmond
50%
San Diego State
50%
Seattle
50%
Stanford
50%
St Bonaventure
50%
Stetson
50%
Tennessee State
50%
Texas State
50%
Toledo
50%
Troy
50%
Tulane
50%
UMKC
50%
UNC Asheville
50%
Villanova
50%
Western Kentucky
50%
A-10
44%
Arkansas State
44%
Ball State
44%
Baylor
44%
Bellarmine
44%
Bowling Green
44%
Campbell
44%
Central Arkansas
44%
Charleston Southern
44%
Cleveland State
44%
Colgate
44%
Conference USA
44%
Denver
44%
Drake
44%
Duquesne
44%
Fairfield
44%
Fordham
44%
Furman
44%
Gardner Webb
44%
Jacksonville State
44%
Kennesaw State
44%
Long Beach State
44%
Longwood
44%
Missouri State
44%
Monmouth
44%
Mountain West
44%
Murray State
44%
Northeastern
44%
Northern Illinois
44%
Northern Iowa
44%
North Florida
44%
Old Dominion
44%
Purdue Fort Wayne
44%
Robert Morris
44%
Sacramento State
44%
Samford
44%
SEC
44%
Siena
44%
St Josephs
44%
Stony Brook
44%
St Peters
44%
UMass Lowell
44%
UMBC
44%
Utah Tech
44%
Utah Valley
44%
UTSA
44%
Vanderbilt
44%
VMI
44%
Western Michigan
44%
West Georgia
44%
AAC
38%
Alabama A&M
38%
Alcorn State
38%
App State
38%
Belmont
38%
Butler
38%
CAA
38%
Chattanooga
38%
Coppin State
38%
Davidson
38%
Delaware State
38%
ETSU
38%
Fresno State
38%
Georgia State
38%
Grambling State
38%
Hampton
38%
Holy Cross
38%
Horizon League
38%
Illinois State
38%
Indiana State
38%
Iona
38%
Jackson State
38%
JMU
38%
Kent State
38%
La Salle
38%
Lipscomb
38%
Little Rock
38%
Louisiana Tech
38%
Loyola Maryland
38%
Manhattan
38%
Mercer
38%
Milwaukee
38%
Mississippi State
38%
Morgan State
38%
Mount St Marys
38%
New Orleans
38%
North Alabama
38%
North Carolina A&T
38%
Ole Miss
38%
Omaha
38%
Pacific
38%
Pepperdine
38%
Presbyterian
38%
Quinnipiac
38%
Rice
38%
San Diego
38%
San Francisco
38%
SIUE
38%
Southern Utah
38%
Southland
38%
St Marys
38%
St Thomas
38%
Sun Belt
38%
Tarleton State
38%
Temple
38%
Tennessee Tech
38%
Texas A&M
38%
The Citadel
38%
UC Davis
38%
UC Santa Barbara
38%
UNC Greensboro
38%
USC Upstate
38%
UTEP
38%
Wagner
38%
WCC
38%
William & Mary
38%
Winthrop
38%
Youngstown State
38%
Arkansas Pine Bluff
31%
Bethune Cookman
31%
Big South
31%
Binghamton
31%
Bradley
31%
Cal Poly
31%
Central Connecticut
31%
Drexel
31%
Eastern Illinois
31%
Florida A&M
31%
Howard
31%
Ivy League
31%
Lindenwood
31%
LIU
31%
Loyola Marymount
31%
MAC
31%
Marist
31%
Merrimack
31%
Mississippi Valley State
31%
Missouri Valley
31%
Morehead State
31%
MTSU
31%
Niagara
31%
Norfolk State
31%
North Carolina Central
31%
Oakland
31%
Ohio Valley
31%
Oral Roberts
31%
Patriot
31%
Sacred Heart
31%
Sam Houston
31%
Santa Clara
31%
Southern Illinois
31%
St Francis
31%
Stonehill
31%
Summit League
31%
SWAC
31%
Texas Southern
31%
Towson
31%
UC Irvine
31%
UC Riverside
31%
UC San Diego
31%
UT Martin
31%
UTRGV
31%
Valparaiso
31%
WAC
31%
Western Carolina
31%
Western Illinois
31%
Wofford
31%
Wright State
31%
Abilene Christian
25%
America East
25%
Big Sky
25%
Bucknell
25%
Cal State Bakersfield
25%
Cal State Fullerton
25%
Cal State Northridge
25%
Canisius
25%
Chicago State
25%
Evansville
25%
FDU
25%
Lamar
25%
Lehigh
25%
Mercyhurst
25%
New Haven
25%
Northwestern State
25%
Rider
25%
San Jose State
25%
SEMO
25%
Southern Indiana
25%
Southern Miss
25%
ULM
25%
UT Arlington
25%
Weber State
25%
Big West
19%
Cal Baptist
19%
Houston Christian
19%
Incarnate Word
19%
IU Indy
19%
Lafayette
19%
Le Moyne
19%
Nicholls State
19%
Prairie View A&M
19%
Southeastern Louisiana
19%
Stephen F Austin
19%
UMES
19%
East Texas A&M
13%
MAAC
13%
MEAC
13%
Texas A&M-Corpus Christi
13%
UIC
13%
No matching quizzes found
Score Distribution
Percent of People with Each Score
Percentile by Number Answered
Your Score History
You have not taken this quiz since the last reset